Normal view MARC view
  • Rosenberg, Mirta,

Entry Nombre Personal

Number of records used in: 4

001 - NUMERO DE CONTROL

  • campo de control: 43962

003 - IDENTIFICADOR DE NUMERO DE CONTROL

  • campo de control: DLC

005 - FECHA Y HORA DE LA ÜLTIMA TRANSACCIÓN

  • campo de control: 20220330104134.0

008 - DATOS DE LONGITUD FIJA

  • campo de control de longitud fija: 220330n| azannaabn |n aaa c

010 ## - NÚMERO DE CONTROL DE LA BIBLIOTECA DEL CONGRESO

  • Número de control LC: n 89660982

035 ## - NUMERO DE CONTROL

  • Número de control: (OCoLC)oca02627463

040 ## - FUENTE DE CATALOGACIÓN

  • Agencia original de catalogación: ICU
  • Lenguaje de catalogación: spa
  • Description conventions: rda
  • Agencia de transcripción: ICU
  • Agencia que lo modifica: OCoLC
  • Agencia que lo modifica: PPiU
  • Agencia que lo modifica: MX-MxUPN

046 ## - FECHAS CON CODIFICACIÓN ESPECIAL

  • Fecha de nacimiento: 19511007

053 #0 - NÚMERO DE CLASIFICACIÓN LC

  • Número de clasificación elemento-número único o número inicial de tramo: PQ7798.28.O746

100 1# - ENCABEZAMIENTO - NOMBRE PERSONAL

  • Nombre personal: Rosenberg, Mirta,
  • Fechas asociadas con el nombre: 1951-

370 ## - LUGAR ASOCIADO

  • Place of birth: Rosario, Santa Fe, Argentina
  • Place of residence/headquarters: Buenos Aires, Argentina

372 ## - CAMPO DE ACTIVIDAD

  • Field of activity: Traducción

374 ## - OCUPACIÓN

  • Occupation: Poeta

374 ## - OCUPACIÓN

  • Occupation: Traductora

375 ## - GÉNERO

  • Gender: femenino

377 ## - LENGUA ASOCIADA

  • Language code: spa

670 ## - FUENTE EN LA QUE SE LOCALIZARON DATOS

  • Cita de la fuente: Her Madam, 1988:
  • Información localizada: portada (Mirta Rosenberg) página 4 de la cubierta (n. 1951, Rosario, Argentina)

670 ## - FUENTE EN LA QUE SE LOCALIZARON DATOS

  • Cita de la fuente: El paisaje interior, 2012:
  • Información localizada: portada (Mirta Rosenberg) solapa delantera (n. Oct. 7, 1951 in Rosario, Sante Fe, Argentina; poet and translator; lives in Buenos Aires)